Sociología de la ciencia
Gespeichert in:
| 1. Verfasser: | |
|---|---|
| Format: | Buch |
| Sprache: | Spanisch |
| Veröffentlicht: |
Buenos Aires
Siglo Veinte
1993
|
| Schriftenreihe: | Filosofía
|
| Schlagworte: | |
| Tags: |
Tag hinzufügen
Keine Tags, Fügen Sie den ersten Tag hinzu!
|
MARC
| LEADER | 00000nam a2200000 a 4500 | ||
|---|---|---|---|
| 001 | UCS7957 | ||
| 003 | CL-VaPUC | ||
| 008 | 971024e19930000AG |||||||||||||||||spa|d | ||
| 082 | 0 | 4 | |a 303.32 |b BUN |2 21 |
| 100 | 0 | |a Bunge, Mario |e author |9 392930 | |
| 245 | 1 | 0 | |a Sociología de la ciencia |
| 300 | |a 125 p | ||
| 942 | |c BK | ||
| 945 | |d 19971024 00:00:00 |a rleighto | ||
| 260 | |a Buenos Aires |b Siglo Veinte |c 1993 | ||
| 650 | 7 | |a SOCIOLOGIA DE LAS CIENCIAS |2 CL-VaPUC |9 339405 | |
| 650 | 7 | |a SOCIOLOGIA MARXISTA |2 CL-VaPUC |9 340411 | |
| 650 | 0 | |a Constructivismo |9 268156 | |
| 650 | 0 | |a Relativismo |9 322356 | |
| 650 | 0 | |a Ideologías |9 255200 | |
| 650 | 0 | |a Ciencia |9 255691 | |
| 583 | |a last modification |c 19971024 00:00:00 |k Rodrigo Vera | ||
| 490 | 0 | |a Filosofía | |
| 999 | |c 262685 |d 262683 | ||
| 952 | |0 0 |1 0 |4 0 |6 303_320000000000000_BUN_1993 |7 0 |8 A |9 291439 |a BIBHIS |b BIBHIS |d 2019-11-19 |i 3356906 |o 303.32 BUN 1993 |p 3356906 |r 2025-01-20 |w 2019-11-19 |y BK |k HIS | ||
| 952 | |0 0 |1 0 |4 0 |6 303_320000000000000_BUN_1993 |7 0 |8 DER_TF |9 291440 |a BIBDER |b BIBDER |d 2019-11-19 |i 3410900 |l 1 |o 303.32 BUN 1993 |p 3410900 |r 2023-01-25 |s 2020-03-17 |w 2019-11-19 |x Ubicación 4to Piso |y BK |z Estos recursos deben solicitarse con anticipación |k DER | ||